FC Barcelona Players - Sudden Death - Statistics

General Stats
  • This quiz has been taken 8,550 times
  • The average score is 10 of 15
Answers on the Grid
Answers color-coded by a green-red scale on the quiz's grid according to % correct below.
Aaron Ramsey
Alan Shearer
Alexandre Song
Alexis Sánchez
Alfredo Di Stéfano
Andrés Iniesta
Bernardo Silva
Bixente Lizarazu
Carles Puyol
Claudio Marchisio
Claudio Pizarro
Cristiano Ronaldo
David Luiz
David Trezeguet
Deco
Diego Maradona
Eric Abidal
Fernando Torres
Gary Lineker
Georginio Wijnaldum
Gianluigi Buffon
Gökhan Inler
Gonzalo Higuaín
Hristo Stoichkov
Iker Casillas
Karim Benzema
Kevin Gameiro
Koke
Lionel Messi
Lucas Vázquez
Luis Suárez
Marco Asensio
Mesut Özil
Michael Ballack
Nicolas Anelka
Paulo Dybala
Pep Guardiola
Raphaël Guerreiro
Roberto Carlos
Rodri
Ronald Koeman
Samuel Eto'o
Thiago Silva
Thierry Henry
Thomas Müller
Wayne Rooney
Zé Roberto
Zinedine Zidane
 
Answer Stats
Answer % Correct
Andrés Iniesta
87%
Carles Puyol
84%
Alexis Sánchez
77%
Lionel Messi
71%
Luis Suárez
70%
Deco
66%
Pep Guardiola
66%
Samuel Eto'o
64%
Diego Maradona
63%
Thierry Henry
63%
Eric Abidal
61%
Ronald Koeman
60%
Alexandre Song
55%
Hristo Stoichkov
48%
Gary Lineker
42%
No matching quizzes found
Score Distribution
Percent of People with Each Score
Percentile by Number Answered
Your Score History
You have not taken this quiz